World Heritage Sites: Algeria (with Pictures) - Statistics

General Stats
  • This quiz has been taken 8 times
  • The average score is 11 of 28
Answer Stats
Picture Answer % Correct
Kasbah of Algiers
83%
Kasbah of Algiers
83%
Kasbah of Algiers
83%
Kasbah of Algiers
83%
Timgad
83%
Timgad
83%
Timgad
83%
Timgad
83%
Djémila
33%
Djémila
33%
Djémila
33%
Djémila
33%
M'Zab Valley
33%
M'Zab Valley
33%
M'Zab Valley
33%
M'Zab Valley
33%
Qal'at Beni Hammad
17%
Qal'at Beni Hammad
17%
Qal'at Beni Hammad
17%
Qal'at Beni Hammad
17%
Tassili n'Ajjer
17%
Tassili n'Ajjer
17%
Tassili n'Ajjer
17%
Tassili n'Ajjer
17%
Tipasa
0%
Tipasa
0%
Tipasa
0%
Tipasa
0%
No matching quizzes found
Score Distribution
Percent of People with Each Score
Percentile by Number Answered
Your Score History
You have not taken this quiz